000 00999cam a2200373 i 4500
001 0000838
003 DO-SdBNP
005 20180213093254.0
007 0000838
008 100514s 1992 sp a | |||| 000 f spa
015 _a
017 _a
_b
020 _a8434809028
035 _a
040 _aBPMSU
_bspa
_cBPMSU
_e
080 _a
100 1 _aArmijo, Consuelo
245 1 0 _aAniceto, el vencecanguelos /
_h
_cConsuelo Armijo ; ilustraciones Margarita Puncel
250 _a15a. ed.
260 _aMadrid :
_bSm,
_c1992.
300 _a155 p.:
_bil.
_c19 cm.
490 1 _aEl barco de vapor
_v19/A 4
490 1 _aAzul
521 _aA partir de 7 aƱos.
586 _aPremio C. C. E. I., 1981
586 _aPremio Lazarillo, 1974
586 _aPremio El Barco de Vapor, 1978
700 1 _aPuncel, Margarita
_eil.
830 0 _aEl barco de vapor
_n19/A 4
830 0 _aAzul
942 _2ddc
_cBK
945 _aInventariado, 2018 / BT
956 _aYLOCKWARD
_810
_cBPMSU
999 _c12171
_d12171